Champion map of Fayetteville, N.C : including Cumberland County, Fort Bragg, Hope Mills, Pope Air Force Base and Spring Lake /

Bibliographic Details
Corporate Author: Champion Map Corporation
Other Authors: Mayhew, Rodney
Format: Map
Language:English
Published: Charlotte, N.C. : Champion Map Corp., [between 1980 and 1989?]
Subjects:

MARC

Tag First Indicator Second Indicator Subfields
LEADER 00000cem a2200000La 4500
001 in00002781247
005 20150922121058.0
007 aj canzn
008 840712q19801984ncu a 1 eng d
034 1 |a a  |b 41500 
035 |a (OCoLC)ocm13631427 
035 |a (OCoLC)13631427 
040 |a DRB  |b eng  |c DRB  |d OCL  |d OCLCQ  |d TXA  |d UtOrBLW 
043 |a n-us-nc 
049 |a TXAM 
050 4 |a G3904.F4 1980  |b .C5 
052 |a 3903  |b C8 
052 |a 3904  |b F4  |b F6  |b H9  |b S7  |b F4:2F3  |b F4:2M4 
110 2 |a Champion Map Corporation. 
245 1 0 |a Champion map of Fayetteville, N.C :  |b including Cumberland County, Fort Bragg, Hope Mills, Pope Air Force Base and Spring Lake /  |c Rodney Mayhew, Chief Cartographer. 
246 3 |a Fayetteville, N.C. 
246 3 |a Cumberland County, North Carolina 
246 1 |i Panel title:  |a Map of Fayetteville and Fort Bragg 
255 |a Scale [ca. 1:41,500]. 
264 1 |a Charlotte, N.C. :  |b Champion Map Corp.,  |c [between 1980 and 1989?] 
300 |a 1 map :  |b color ;  |c 84 x 60 cm., on sheet 92 x 60 cm., folded to 23 x 11 cm. 
336 |a cartographic image  |b cri  |2 rdacontent 
337 |a unmediated  |b n  |2 rdamedia 
338 |a sheet  |b nb  |2 rdacarrier 
500 |a Shows radial distances from central Fayetteville. 
500 |a Panel title: Map of Fayetteville and Fort Bragg / Compliments of Lain & Koenig, Inc., Realtors. 
500 |a Includes index to "Ft. Bragg points of interest." 
500 |a Insets with indexes: Fayetteville State University -- Methodist College. 
500 |a Includes street and school indexes, townships, points of interest, Zip code information and advertisements. 
500 |a On verso: Champion map of Cumberland County, North Carolina with 4 insets. Map number GG-6-FM. Scale [approximately 1:93,00]. 
500 |a Recto map number GG-004-A. 
500 |a Cartographic material. 
651 0 |a Fayetteville (N.C.)  |v Maps. 
651 0 |a Cumberland County (N.C.)  |v Maps. 
651 0 |a Fort Bragg (N.C.)  |v Maps. 
651 0 |a Pope Air Force Base (N.C.)  |v Maps. 
651 0 |a Hope Mills (N.C.)  |v Maps. 
651 0 |a Spring Lake (N.C.)  |v Maps. 
610 2 0 |a Fayetteville State University  |v Maps. 
610 2 0 |a Methodist College (Fayetteville, N.C.)  |v Maps. 
700 1 |a Mayhew, Rodney. 
948 |a Cataloged  |b h  |c 2012/9/28  |d c  |e smckenzi 
994 |a C0  |b TXA 
999 |a MARS 
999 f f |s ff2c53c1-d30c-3927-8015-cc9fdf702a87  |i 17b91b91-8960-332f-a1cd-8d505098d4d7  |t 0 
952 f f |p normal  |a Texas A&M University  |b College Station  |c Sterling C. Evans Library  |d Evans: Maps (2nd floor)  |t 0  |e G3904.F4 1980 .C5  |h Library of Congress classification  |i unmediated -- sheet  |m A14841392196 
998 f f |a G3904.F4 1980 .C5  |t 0  |l Evans: Maps (2nd floor)